000 01065nam a2200229Ii 4500
003 JO-AjNU
008 230605s9999||||xx |||||||||||||| ||und||
017 _a2008/5/1545
040 _aJO-AjNU
_bara
_erda
_cJO-AjNU
041 _aara
050 1 4 _aTH420.J67.2008
100 3 _aإعداد جمال قطيشات، طارق الحديد,
_eauthor
_951659
245 0 0 _aمجلس البناء الوطني الأردني، وزارة الأشغال العامة والإسكان: كودة الخرسانة الإنشائية
250 _aط2
264 3 1 _aعمان: الجمعية العلمية الملكية،مجلس البناء الوطني الأردني، 2008
300 _aم1،ج1، متعدد الترقيم
336 _atext
_btxt
_2rdacontent
337 _aunmediated
_bn
_2rdamedia
338 _avolume
_bnc
_2rdacarrier
490 0 _aكودات البناء الوطني الأردني 
650 4 _aهندسة الإنشاءات -- الخرسانة الإنشائية -- المباني -- مواصفات معيارية -- الأردن
_951660
999 _aA22836
_c26404
_d26404